00257nam a2200097Ia 4500008004100000100001900041245003600060260003700096300000800133650001800141191201s2008 xx 000 0 und d aSUMAN, Hansraj 0aSting Operation : Sach Ka Aaina aN. DelhibNatraj prakashanc2008 a448 aGeneral Books